| 000 | 01625nam a2200325 i 4500 | ||
|---|---|---|---|
| 001 | 000022431 | ||
| 003 | DO-SdBNP | ||
| 005 | 20251209120008.0 | ||
| 007 | ta | ||
| 008 | 101011s1996 dr ah 001 0 spa d | ||
| 040 |
_aDO-SdBNP _bspa _cBNPHU _erda |
||
| 041 | _aspa | ||
| 082 | 4 |
_a324.66 _bD542t _222 |
|
| 100 | 1 |
_aDíaz Santana, Juan Bolívar, _eautor _4aut. _946240 |
|
| 245 | 1 | 0 |
_aTrauma electoral / _cJuan Bolívar Díaz Santana. |
| 264 | 4 |
_aSanto Domingo, República Dominicana : _bMograf, _c©1996. |
|
| 300 |
_a351 páginas ; _c21 cm. |
||
| 336 |
_atexto _btxt _2rdacontent |
||
| 337 |
_asin mediación _bn _2rdamedia |
||
| 338 |
_avolumen _bnc _2rdacarrier |
||
| 500 | _aIncluye datos biográficos del autor en la solapa de la cubierta. | ||
| 505 | 0 |
_aIntroducción -- _tLa democracia bloqueada -- _tUna historia de farsas electorales -- _tLa ilusión de las reformas políticas -- _tTres partidos se reparten la JCE -- _tLa JCE se empantana a la carrera -- _tEl desastre de la cedulación -- _tEl fraude pre-electoral -- _tEl fraude en la votación -- _tEl fraude post-electoral -- _tLa JCE encubre el fraude -- _tEl pacto por la democracia -- _tLa sociedad civil ante el fraude -- _tLa comunidad ante el fraude -- _tNotas -- _tBibliografía -- _tAnexos. |
|
| 590 | _aInventariado, 2019/MFF | ||
| 650 | 0 |
_aElecciones _xPrácticas corruptas _zRepública Dominicana _988852 |
|
| 650 | 4 |
_aElecciones _zRepública Dominicana _92992 |
|
| 650 | 4 |
_aCampaña electoral _zRepública Dominicana _93002 |
|
| 651 | 4 |
_aRepública Dominicana _xPolítica y gobierno _945 |
|
| 910 | _aValidado. Control de calidad EMS | ||
| 942 |
_2ddc _cLBS1 |
||
| 999 |
_c21929 _d21929 |
||